Normal view
MARC view
- فرق اسلامية- ديانات مقارنة- عقيدة اسلامية- عبادات
Entry Topical Term
001 - CONTROL NUMBER
- control field: 16179
003 - CONTROL NUMBER IDENTIFIER
- control field: JO-AjAnu
005 - DATE AND TIME OF LATEST TRANSACTION
- control field: 20230606072900.0
008 - FIXED-LENGTH DATA ELEMENTS
- fixed length control field: 230606|| aca||aabn | a|a d
040 ## - CATALOGING SOURCE
- Original cataloging agency: JO-AjAnu
- Transcribing agency: JO-AjAnu
150 ## - HEADING--TOPICAL TERM
- Topical term or geographic name entry element: فرق اسلامية- ديانات مقارنة- عقيدة اسلامية- عبادات
670 ## - SOURCE DATA FOUND
- Source citation: Work cat.: (JO-AjAnu)8305: الفخري، علي بن محمد بن عبد الله ؛ تحقيق وتقديم: رشيد البندر, author 16178, تلخيص البيان في ذكر فرق أهل الأديان